| 000 | 00388nam a2200133Ia 4500 | ||
|---|---|---|---|
| 008 | 220204s9999 xx 000 0 und d | ||
| 082 |
_a339.96:63(540) _bSHA |
||
| 245 | 0 | _aAgricultural development of India policy and problems. | |
| 260 |
_aNew Delhi _bOrient Longman _c1979 |
||
| 650 | _aAgricultural development | ||
| 650 | _aAgricultural economics | ||
| 700 | _aSHAH, C H | ||
| 942 | _cBK | ||
| 999 |
_c33115 _d33115 |
||